000 03518namaa22004451i 4500
003 EG-GICUC
005 20260311114656.0
008 260303s2025 ua a|||frm||| 000 0 eng d
040 _aEG-GICUC
_beng
_cEG-GICUC
_dEG-GICUC
_erda
041 0 _aeng
_beng
_bara
049 _aDeposit
082 0 4 _a617.73
092 _a617.73
_221
097 _aPh.D
099 _aCai01.11.24.Ph.D.2025.Ah.E
100 0 _aAhmed Mohamed Youssef Ahmed Moussa,
_epreparation.
245 1 0 _aEffect of silicone oil removal timing on functional and structural outcomes in primary rhegmatogenous retinal detachment /
_cby Ahmed Mohamed Youssef Ahmed Moussa ; Supervised Prof. Dr. Ayman Mohammed Ali Khattab, Prof. Dr. Abdussalam Mohsen Abdullatif, Dr. Hisham Ashraf Omar.
246 1 5 _aتأثير توقيت ازالة السيليكون علي النتائج الوظيفية والهيكلية في انفصال الشبكية الاولى الناجم عن قطع الشبكية
264 0 _c2025.
300 _a99 pages :
_billustrations ;
_c25 cm. +
_eCD.
336 _atext
_2rda content
337 _aUnmediated
_2rdamedia
338 _avolume
_2rdacarrier
502 _aThesis (Ph.D)-Cairo University, 2025.
504 _aBibliography: pages 83-99.
520 3 _aThe study aimed to compare early (2 months) vs. late (6 months) silicone oil removal in patients with primary rhegmatogenous retinal detachment. 62 patients were divided into two groups: Group A (2 months) and Group B (6 months). The study excluded patients with other eye diseases or systemic conditions. Results showed better retinal sensitivity in Group A, indicating better visual outcomes with early silicone oil removal, with no significant difference in post-operative complications.
520 3 _a هدفت الدراسة إلى مقارنة نتائج إزالة زيت السيليكون المبكر (بعد شهرين) والمتأخر (بعد 6 أشهر) لدى مرضى الانفصال الشبكي الرتجي الأولي. شملت الدراسة 62 مريضًا تم تقسيمهم إلى مجموعتين: الأولى (أ) خضعت لإزالة الزيت بعد شهرين، والثانية (ب) بعد 6 أشهر. استُبعِد المرضى الذين يعانون من أمراض عينية أو حالات صحية تؤثر على الرؤية. تهدف الدراسة إلى تقليل التحيز في اختيار الحالات الأكثر شدة. أظهرت النتائج أن المجموعة الأولى حققت حساسية شبكية أفضل مقارنةً بالمجموعة الثانية، بينما لم يظهر اختلاف في معدل المضاعفات بعد الجراحة.
530 _aIssues also as CD.
546 _aText in English and abstract in Arabic & English.
650 0 _aRetinal Detachment
650 0 _aانفصال الشبكية
653 1 _asilicone oil
_arhegmatogenous retinal detachment
_avisual outcomes
_apost
_aoperative complications
_aالسيليكون
_aالانفصال الشبكي الرتجي
700 0 _aAyman Mohammed Ali Khattab
_ethesis advisor.
700 0 _aAbdussalam Mohsen Abdullatif,
_ethesis advisor.
700 0 _aHisham Ashraf Omar
_ethesis advisor.
900 _b01-01-2025
_cAyman Mohammed Ali Khattab
_cAbdussalam Mohsen Abdullatif
_cHisham Ashraf Omar
_UCairo University
_FFaculty of Medicine
_DDepartment of Ophthalmology
905 _aShimaa
_eEman Ghareb
942 _2ddc
_cTH
_e21
_n0
999 _c178850